English-Danish and Danish-English pocket dictionary

Salvato in:
Dettagli Bibliografici
Autore principale: Host (Autore)
Natura: Libro
Lingua:inglese
danese
Pubblicazione: Copenhague Host and Sons Forlag 1961
Soggetti:
Tags: Aggiungi Tag
Nessun Tag, puoi essere il primo ad aggiungerne!!

MARC

LEADER 00000cam a2200000 a 4500
001 UCF5344
003 CL-VaPUC
008 130307e19610000DK |||||||||||||||||eng|d
041 0 7 |a eng  |2 CL-VaPUC 
041 0 7 |a dan  |2 CL-VaPUC 
082 0 4 |a 432.3981  |b HOS  |2 21 
100 0 |a Host  |e author  |9 567179 
245 1 0 |a English-Danish and Danish-English pocket dictionary 
246 1 0 |a Engelsk-Danske og Dansk-Engelske lommeordbog 
300 |a 348 p 
942 |c BK 
945 |d 20130307 00:00:00  |a dcastane 
260 |a Copenhague  |b Host and Sons Forlag  |c 1961 
650 7 |a DICCIONARIO BILINGUE  |2 CL-VaPUC  |9 504842 
650 7 |a DICCIONARIO INGLES  |2 CL-VaPUC  |9 262129 
650 0 |a Diccionarios  |9 256200 
583 |a last modification  |c 20130307 11:37:00  |k Rodrigo Vera 
999 |c 350893  |d 350891 
952 |0 0  |1 0  |4 0  |6 432_398100000000000_HOS_1961  |7 0  |8 X  |9 454630  |a BIBEDU  |b BIBEDU  |d 2019-11-22  |i 4949218  |o 432.3981 HOS 1961  |p 4949218  |r 2023-01-13  |w 2019-11-22  |y BK_X  |k LIT